<?xml version="1.0" encoding="UTF-8"?>
<record
    xmlns:xsi="http://www.w3.org/2001/XMLSchema-instance"
    xsi:schemaLocation="http://www.loc.gov/MARC21/slim http://www.loc.gov/standards/marcxml/schema/MARC21slim.xsd"
    xmlns="http://www.loc.gov/MARC21/slim">

  <leader>00689nam a22001577a 4500</leader>
  <datafield tag="999" ind1=" " ind2=" ">
    <subfield code="c">61169</subfield>
    <subfield code="d">61169</subfield>
  </datafield>
  <controlfield tag="005">20231226171117.0</controlfield>
  <controlfield tag="008">231226s1982    ru ||||| |||| 00| 0 rus d</controlfield>
  <datafield tag="041" ind1=" " ind2=" ">
    <subfield code="a">rus</subfield>
  </datafield>
  <datafield tag="080" ind1=" " ind2=" ">
    <subfield code="a">731.1 H-87</subfield>
  </datafield>
  <datafield tag="245" ind1=" " ind2=" ">
    <subfield code="a">&#x41D;&#x443;&#x43C;&#x438;&#x437;&#x43C;&#x430;&#x442;&#x438;&#x43A;&#x430; &#x430;&#x43D;&#x442;&#x438;&#x447;&#x43D;&#x43E;&#x433;&#x43E; &#x41F;&#x440;&#x438;&#x447;&#x435;&#x440;&#x43D;&#x43E;&#x43C;&#x43E;&#x440;&#x44C;&#x44F; :</subfield>
    <subfield code="b">&#x421;&#x431;&#x43E;&#x440;&#x43D;&#x438;&#x43A; &#x43D;&#x430;&#x443;&#x447;&#x43D;&#x44B;&#x445; &#x442;&#x440;&#x443;&#x434;&#x43E;&#x432; /</subfield>
    <subfield code="c">&#x410;&#x41D; &#x423;&#x421;&#x421;&#x420;, &#x41E;&#x434;&#x435;&#x441;. &#x430;&#x440;&#x445;&#x435;&#x43E;&#x43B;. &#x43C;&#x443;&#x437;&#x435;&#x439;.</subfield>
  </datafield>
  <datafield tag="264" ind1=" " ind2=" ">
    <subfield code="a">&#x41A;&#x438;&#x435;&#x432; : </subfield>
    <subfield code="b">&#x41D;&#x430;&#x443;&#x43A;. &#x434;&#x443;&#x43C;&#x43A;&#x430;, </subfield>
    <subfield code="c">1982.</subfield>
  </datafield>
  <datafield tag="300" ind1=" " ind2=" ">
    <subfield code="a">164 &#x441;. : </subfield>
    <subfield code="b">&#x438;&#x43B;. :</subfield>
    <subfield code="c">22 cm.</subfield>
  </datafield>
  <datafield tag="653" ind1=" " ind2=" ">
    <subfield code="a">&#x10E8;&#x10D0;&#x10D5;&#x10D8; &#x10D6;&#x10E6;&#x10D5;&#x10D8;&#x10E1; &#x10E0;&#x10D4;&#x10D2;&#x10D8;&#x10DD;&#x10DC;&#x10D8;&#x10E1; &#x10DC;&#x10E3;&#x10DB;&#x10D8;&#x10D6;&#x10DB;&#x10D0;&#x10E2;&#x10D8;&#x10D9;&#x10D0;</subfield>
  </datafield>
  <datafield tag="710" ind1=" " ind2=" ">
    <subfield code="a">&#x410;&#x41D; &#x423;&#x421;&#x421;&#x420;,</subfield>
    <subfield code="d"> &#x41E;&#x434;&#x435;&#x441;. &#x430;&#x440;&#x445;&#x435;&#x43E;&#x43B;. &#x43C;&#x443;&#x437;&#x435;&#x439;.</subfield>
    <subfield code="9">20902</subfield>
  </datafield>
  <datafield tag="942" ind1=" " ind2=" ">
    <subfield code="2">udc</subfield>
    <subfield code="c">&#x1CAC;&#x1C98;&#x1C92;&#x1C9C;&#x1C98;</subfield>
  </datafield>
  <datafield tag="952" ind1=" " ind2=" ">
    <subfield code="0">0</subfield>
    <subfield code="1">0</subfield>
    <subfield code="2">udc</subfield>
    <subfield code="4">0</subfield>
    <subfield code="6">7311_H87</subfield>
    <subfield code="7">0</subfield>
    <subfield code="9">97441</subfield>
    <subfield code="a">CPL</subfield>
    <subfield code="b">CPL</subfield>
    <subfield code="c">GEN</subfield>
    <subfield code="d">2023-12-26</subfield>
    <subfield code="g">4.00</subfield>
    <subfield code="o">731.1 H-87</subfield>
    <subfield code="p">65696</subfield>
    <subfield code="r">2023-12-26</subfield>
    <subfield code="t">65696</subfield>
    <subfield code="u">&#x10D1;&#x10E1;&#x10E3;-&#x10E1; &#x10E1;&#x10D0;&#x10DE;&#x10D0;&#x10E2;&#x10D8;&#x10DD; &#x10D3;&#x10DD;&#x10E5;&#x10E2;&#x10DD;&#x10E0;&#x10D8;&#x10E1; &#x10D2;&#x10E3;&#x10E0;&#x10D0;&#x10DB; &#x10DA;&#x10DD;&#x10E0;&#x10D7;&#x10E5;&#x10D8;&#x10E4;&#x10D0;&#x10DC;&#x10D8;&#x10EB;&#x10D8;&#x10E1; &#x10E1;&#x10D0;&#x10E9;&#x10E3;&#x10E5;&#x10D0;&#x10E0;&#x10D8;</subfield>
    <subfield code="w">2023-12-26</subfield>
    <subfield code="y">&#x1CAC;&#x1C98;&#x1C92;&#x1C9C;&#x1C98;</subfield>
    <subfield code="z">4 &#x10DA;.</subfield>
  </datafield>
</record>
